00609nam a22002057a 450000500170000000800410001702000180005804000210007604100080009708200130010510000300011824500780014826000400022630000130026665000180027965000200029765000300031765000280034770000280037520240919101939.0240919b |||||||| |||| 00| 0 eng d a9788192016085 aIN-DiNCcIN-DiNC dasm a934bDUT aDutta, Ajit Kumareauthor aUchchatar madhyamik buranji (XII)cby Ajit Kumar Dutta and Pankaj Goswami aGuwahati:bAssam book depot,c2024. ax, 468p. aHistory (XII) aAncient history aMedieval history of Assam aModern history of India aGoswami, Pankajeauthor